Il comportamento sessuale dell'uomo /
I tiakina i:
| Ngā kaituhi matua: | , , |
|---|---|
| Ētahi atu kaituhi: | |
| Hōputu: | Pukapuka |
| Reo: | Itāriana |
| I whakaputaina: |
Milano :
Bompiani,
stampa 1950
|
| Rangatū: | L'uomo ;
7 |
| Ngā marau: | |
| Ngā Tūtohu: |
Kāore He Tūtohu, Me noho koe te mea tuatahi ki te tūtohu i tēnei pūkete!
|
MARC
| LEADER | 00000nam a22000007i 4500 | ||
|---|---|---|---|
| 001 | IT\ICCU\RAV\0135997 | ||
| 003 | ItRI | ||
| 005 | 20250804193610.0 | ||
| 008 | 910328s1950 it |||||| ||||| |||||c | ||
| 040 | |b ita |c ct | ||
| 041 | 7 | |a ita |2 ISO-639-2 | |
| 082 | |a 612.6 |2 19 | ||
| 100 | 1 | |a Kinsey, Alfred C. |0 IT\ICCU\RAVV\055906 |4 aut | |
| 240 | 1 | 0 | |a Sexual behavior in the human male. - |9 Kinsey, Alfred C. |
| 245 | 1 | 3 | |a Il comportamento sessuale dell'uomo / |c di Alfred C. Kinsey, Wardell B. Pomeroy, Clyde E. Martin ; prefazione di Cesare L. Musatti. |
| 260 | |a Milano : |b Bompiani, |c stampa 1950 | ||
| 300 | |a XXVII, 697 p. ; |c 21 cm. | ||
| 650 | 7 | |a Sesso <biologia> | |
| 650 | 7 | |a Uomo |x Comportamento sessuale |x Stati Uniti d'America |x Inchieste |2 scbi | |
| 700 | 1 | |a Pomeroy, Wardell B. |0 IT\ICCU\RAVV\055907 |4 aut | |
| 700 | 1 | |a Martin, Clyde E. |0 IT\ICCU\RAVV\055908 |4 aut | |
| 700 | 1 | |a Musatti, Cesare L. |0 IT\ICCU\CFIV\006005 | |
| 830 | 2 | |a L'uomo ; |v 7 |0 IT\ICCU\CUB\0086430 | |
| 942 | |2 ddc |c BK | ||
| 952 | |0 0 |1 0 |2 ddc |4 0 |6 B_SSA03KINALCOM11 |7 1 |9 8686 |a MI |b MI |d 2006-05-27 |i 4234 |l 0 |o B-SSA03-KINAL-COM11 |p CDOM4234 |r 2025-07-17 21:50:33 |w 2025-07-17 |x ACQUISTO |y BK | ||
| 981 | 1 | |6 z01 |a i |b xxxe | |
| 982 | 1 | |6 z01 |a n | |
| 999 | |c 7223 |d 7223 | ||